[Event "Andalucia-ch Seniors 1112"]
[Site "Huelva"]
[Date "2012.04.14"]
[Round "5"]
[White "Marquez Polvillo, Bartolome"]
[Black "Gutierrez Molina, Jose Luis"]
[Result "0-1"]
[WhiteElo "1738"]
[BlackElo "1786"]
[PlyCount "42"]
[EventDate "2012.04.12"]
[EventType "swiss"]
[EventRounds "6"]
[EventCountry "ESP"]
[SourceTitle "EXT 2013"]
[Source "ChessBase"]
[SourceDate "2012.11.22"]
[SourceVersion "1"]
[SourceVersionDate "2012.11.22"]
[SourceQuality "1"]

1. e4 c6 2. d4 d5 3. e5 Bf5 4. c3 e6 5. Nf3 Qb6 6. Bd3 Bxd3 7. Qxd3 c5 8. 0-0 Nc6 9. dxc5 Bxc5 10. b4 Be7 11. b5 Na5 12. Be3 Bc5 13. Nbd2 Bxe3 14. fxe3 Ne7 15. Ng5 Nf5 16. Rf3 h5 17. Raf1 g6 18. Rh3 Ke7 19. Kh1 Rad8 20. Qc2 Qc7 21. b6 axb6 0-1